Statistics for Country Shapes in the World Map #5 - 45 Second Sprint

Click here to take the quiz!

General Stats

  • This quiz has been taken 105 times
  • The average score is 17 of 20

Answers on the Map

Answers color-coded by a green-red scale on the quiz's map according to % correct below.
 

Answer Stats

country% Correct
Russia
99%
India
96%
United Kingdom
95%
Mali
93%
South Africa
93%
Sudan
93%
Colombia
92%
Germany
88%
Myanmar
86%
Uruguay
85%
Afghanistan
82%
United Arab
Emirates
82%
Kiribati
81%
Suriname
81%
Jordan
77%
Zambia
77%
Guatemala
74%
Ghana
73%
Hungary
69%
Bosnia and
Herzegovina
66%

Score Distribution

Percentile by Number Answered

Percent of People with Each Score

Your Score History

You have not taken this quiz